[Event "Plymouth (MI Op/6/9)"]
[Site "?"]
[Date "1984.??.??"]
[Round "?"]
[White "Groisser, D.."]
[Black "Moody, David"]
[Result "1-0"]
[WhiteElo "2145"]
[BlackElo "1985"]
[PlyCount "79"]
[EventDate "1984.??.??"]

{6/(9)} 1. e4 e5 2. Nf3 Nc6 3. d4 exd4 4. Bc4 Nf6 5. O-O Nxe4 6. Re1 d5 7. Nc3
dxc4 8. Rxe4+ Be7 9. Nxd4 f5 10. Rf4 Bg5 11. Qe2+ Ne7 12. Nxf5 Bxf4 13. Nxg7+
Kf8 14. Bxf4 Kxg7 15. Rd1 Qf8 16. Be5+ Kf7 17. Qh5+ Ng6 18. Bxh8 Qxh8 19. f4
Kg7 20. Qc5 Bg4 21. Qxc7+ Kh6 22. Rf1 Qd4+ 23. Kh1 Rf8 24. h3 Bd7 25. Rd1 Qxf4
26. Qxf4+ Rxf4 27. Rxd7 Rf1+ 28. Kh2 Rc1 29. Rxb7 Rxc2 30. Kg3 Ne5 31. Nd1 Nd3
32. b3 Rxa2 33. bxc4 Ra3 34. Kh2 a5 35. Ra7 a4 36. Ra5 Ra1 37. Ne3 Ra2 38. c5
a3 39. c6 Nb4 40. c7 1-0

[Event "Plymouth (MI Op/2/20)"]
[Site "?"]
[Date "1984.??.??"]
[Round "?"]
[White "Groisser, D.."]
[Black "Kung, Fred"]
[Result "1-0"]
[WhiteElo "2145"]
[BlackElo "1750"]
[PlyCount "33"]
[EventDate "1984.??.??"]

{2/(20)} 1. e4 e5 2. Nf3 Nc6 3. d4 exd4 4. Bc4 Nf6 5. O-O d5 6. exd5 Nxd5 7.
Nxd4 Nxd4 8. Qxd4 Be6 9. Re1 c6 10. Nc3 Nxc3 11. Qxc3 Qe7 12. Bf4 O-O-O 13. Qe5
Rd6 14. Qxd6 Qxd6 15. Bxd6 Bxc4 16. Re8+ Kd7 17. Rxf8 1-0

[Event "Plymouth (MI Op/7/4)"]
[Site "?"]
[Date "1984.??.??"]
[Round "?"]
[White "Groeller, W.."]
[Black "Wolfrom, David"]
[Result "1/2-1/2"]
[WhiteElo "2075"]
[BlackElo "2170"]
[PlyCount "49"]
[EventDate "1984.??.??"]

{7/(4)} 1. e4 c5 2. Nf3 e6 3. d4 cxd4 4. Nxd4 a6 5. Bd3 Nf6 6. O-O d6 7. c4 b6
8. Nc3 Bb7 9. Be3 Nbd7 10. b4 Ne5 11. Nf3 Ned7 12. Nd4 Be7 13. f4 O-O 14. a3
Re8 15. g4 g6 16. h3 Bf8 17. Nde2 Rc8 18. Rc1 Bg7 19. Ng3 d5 20. cxd5 Nxd5 21.
Nxd5 Rxc1 22. Qxc1 exd5 23. e5 f6 24. exf6 Qxf6 25. Kh2 1/2-1/2

[Event "Plymouth (MI Op/1a/15)"]
[Site "?"]
[Date "1984.??.??"]
[Round "?"]
[White "Groeller, W.."]
[Black "Thurman, John"]
[Result "1-0"]
[WhiteElo "2075"]
[BlackElo "1785"]
[PlyCount "67"]
[EventDate "1984.??.??"]

1. e4 c5 2. Nf3 d6 3. d4 cxd4 4. Nxd4 Nf6 5. Nc3 e6 6. Bc4 Be7 7. O-O O-O 8.
Bb3 Nc6 9. Kh1 Nxd4 10. Qxd4 Bd7 11. f4 Bc6 12. f5 e5 13. Qd3 Rc8 14. Bg5 Nd7
15. Bxe7 Qxe7 16. Rad1 Nc5 17. Qg3 Qf6 18. Nd5 Bxd5 19. Bxd5 Rc7 20. b3 Kh8 21.
h4 Qh6 22. Qh3 Nd7 23. c4 b5 24. g4 f6 25. Rf2 Rfc8 26. Rh2 g6 27. g5 fxg5 28.
hxg5 Qxh3 29. Rxh3 gxf5 30. exf5 Nb6 31. Be6 Rf8 32. g6 bxc4 33. bxc4 Rxc4 34.
Rxh7# 1-0

[Event "Plymouth (MI Op/3/18)"]
[Site "?"]
[Date "1984.??.??"]
[Round "?"]
[White "Groeller, W.."]
[Black "Selitsky, B.."]
[Result "1-0"]
[WhiteElo "2075"]
[BlackElo "1790"]
[PlyCount "69"]
[EventDate "1984.??.??"]

{3/(18)} 1. e4 c5 2. Nf3 Nc6 3. d4 cxd4 4. Nxd4 Nf6 5. Nc3 e5 6. Ndb5 d6 7. Bg5
a6 8. Bxf6 gxf6 9. Na3 b5 10. Nd5 f5 11. c3 Bg7 12. Bd3 Be6 13. Qh5 O-O 14.
exf5 Bxd5 15. f6 e4 16. fxg7 Re8 17. Qxd5 exd3+ 18. Kf1 Ne5 19. g3 Rc8 20. Re1
Rc5 21. Qe4 Re6 22. Kg2 Qf6 23. f4 Ng4 24. Qxd3 Qe7 25. Nc2 Nf6 26. Rxe6 fxe6
27. Re1 Rd5 28. Qe2 e5 29. Nb4 Rc5 30. Nd3 Qb7+ 31. Kg1 Rc4 32. fxe5 Re4 33.
Qf2 Rxe1+ 34. Nxe1 Nd7 35. e6 1-0

[Event "East Detroit (MCO/2/10)"]
[Site "?"]
[Date "1984.??.??"]
[Round "?"]
[White "Groeller, W.."]
[Black "Brattin, Brian"]
[Result "1-0"]
[WhiteElo "2075"]
[BlackElo "1735"]
[PlyCount "71"]
[EventDate "1984.??.??"]

{2/(10)} 1. e4 e5 2. Nf3 Nc6 3. Bb5 a6 4. Ba4 d6 5. O-O Nf6 6. Re1 Be7 7. c3 b5
8. Bc2 Bb7 9. d4 O-O 10. a3 Qd7 11. Bg5 h6 12. Bh4 Rad8 13. Qd3 exd4 14. cxd4
Nb8 15. Bxf6 gxf6 16. Nh4 Qg4 17. Nf5 Kh8 18. Qe3 Rfe8 19. Qxh6+ Kg8 20. Nc3
Qg6 21. Qd2 Bc8 22. Re3 Bxf5 23. exf5 Qh6 24. Rg3+ Kh7 25. Rh3 Qxh3 26. gxh3 c6
27. Qf4 d5 28. Kh1 Bf8 29. Qh4+ Bh6 30. Qxf6 Rf8 31. Rg1 Rde8 32. Qh4 Rg8 33.
Rxg8 Rxg8 34. f6+ Rg6 35. Bxg6+ Kxg6 36. Qg3+ 1-0

[Event "East Detroit (MCO/4/6)"]
[Site "?"]
[Date "1984.??.??"]
[Round "?"]
[White "Groeller, W.."]
[Black "Bautista, L.."]
[Result "1-0"]
[WhiteElo "2075"]
[BlackElo "1875"]
[PlyCount "107"]
[EventDate "1984.??.??"]

{4/(6)} 1. e4 Nf6 2. e5 Nd5 3. d4 d6 4. Nf3 Bg4 5. Be2 Nc6 6. O-O e6 7. exd6
cxd6 8. c4 Nf6 9. Nc3 d5 10. Re1 Be7 11. c5 O-O 12. h3 Bh5 13. a3 Ne4 14. Qa4
Bf6 15. Bf4 g5 16. Be5 Bg6 17. Bh2 a6 18. Rad1 Kg7 19. Bd3 Nxc3 20. bxc3 h5 21.
Bxg6 Kxg6 22. Qc2+ Kg7 23. Be5 g4 24. hxg4 hxg4 25. Qd2 Kh7 26. Qf4 Nxe5 27.
Nxe5 Bxe5 28. Rxe5 Qh4 29. Rg5 Qh6 30. Rb1 Rab8 31. Qxg4 Rg8 32. Rxg8 Rxg8 33.
Qf3 Rg6 34. g3 Rf6 35. Qe2 Qh3 36. Qf1 Qh5 37. Qd1 Qh3 38. Qd3+ Kg7 39. Rxb7
Rh6 40. Qf3 Qh2+ 41. Kf1 Qh3+ 42. Ke2 Rf6 43. Qe3 Qg4+ 44. f3 Qxg3 45. Rb1 Qh2+
46. Qf2 Qh7 47. Rg1+ Kf8 48. Kd2 Rh6 49. Rg2 Rh1 50. Qg3 Rb1 51. Qd6+ Ke8 52.
Qc6+ Ke7 53. Qc7+ Ke8 54. Rg8+ 1-0

[Event "East Detroit (MCO/6/37)"]
[Site "?"]
[Date "1984.??.??"]
[Round "?"]
[White "Griffin, John"]
[Black "Tumpkin, R.."]
[Result "0-1"]
[WhiteElo "1605"]
[BlackElo "1605"]
[PlyCount "118"]
[EventDate "1984.??.??"]

{6/(37)} 1. d4 Nf6 2. c4 e6 3. g3 c6 4. Nf3 d5 5. cxd5 exd5 6. Nc3 Bf5 7. Bg2
Nbd7 8. O-O Bd6 9. Nh4 Be6 10. b3 O-O 11. e4 dxe4 12. Nxe4 Bc7 13. Nc5 Nxc5 14.
dxc5 Be5 15. Rb1 Qc7 16. Qe2 Rfe8 17. Bb2 Bxb2 18. Qxb2 Rad8 19. Rbd1 Bd5 20.
Nf5 Re5 21. Ne3 Bxg2 22. Nxg2 Rxc5 23. Rde1 Rcd5 24. Re2 Qd7 25. Qc3 Re8 26.
Rxe8+ Nxe8 27. Re1 Nc7 28. Nf4 Rd2 29. Re2 Rxe2 30. Nxe2 Qd1+ 31. Kg2 Qxe2 32.
Qd4 Ne6 33. Qxa7 Qe4+ 34. Kf1 b5 35. Qb8+ Nf8 36. Qc8 Qb1+ 37. Kg2 Qe4+ 38. Kf1
Qb1+ 39. Kg2 Qe4+ 40. Kf1 g6 41. Qc7 Ne6 42. Qb8+ Kg7 43. h4 Qb1+ 44. Kg2 Qxa2
45. Qe5+ Kg8 46. Qb8+ Nf8 47. Qd6 Qxb3 48. Qxc6 Qc4 49. Qxc4 bxc4 50. Kf3 Ne6
51. Ke3 Nc5 52. Kd4 c3 53. Kxc3 Ne4+ 54. Kd3 Nxf2+ 55. Ke3 Ng4+ 56. Kf4 Nf6 57.
g4 h6 58. Kf3 Kg7 59. Kf4 Nd7 0-1

[Event "Plymouth (MI Op/5/74)"]
[Site "?"]
[Date "1984.??.??"]
[Round "?"]
[White "Griffin, John"]
[Black "Shields, S.."]
[Result "1-0"]
[WhiteElo "1605"]
[BlackElo "1605"]
[PlyCount "120"]
[EventDate "1984.??.??"]

{5/(74)} 1. d4 d5 2. c4 e6 3. g3 Nf6 4. Bg2 Be7 5. Nf3 c6 6. Qc2 h6 7. O-O Nbd7
8. Nbd2 O-O 9. b3 Bd6 10. e4 e5 11. dxe5 Nxe5 12. Bb2 Re8 13. Nxe5 Bxe5 14.
Rad1 d4 15. Qd3 c5 16. h3 Bd7 17. f4 Bc7 18. Rfe1 Bc6 19. a3 Nh5 20. Nf1 f6 21.
Bc1 g6 22. e5 Bxg2 23. Kxg2 f5 24. Qf3 b6 25. Qd5+ Kh8 26. Rd3 Qe7 27. Nh2 Rad8
28. Qf3 Ng7 29. Qf2 Qe6 30. Nf3 Qc6 31. Kh2 Rd7 32. Rg1 Bd8 33. Ne1 Qe4 34. Qc2
Re6 35. Rd2 Qxc2 36. Nxc2 a6 37. Ne1 Kh7 38. Nd3 a5 39. g4 Bh4 40. a4 h5 41.
Rdg2 Rf7 42. Bd2 Be7 43. Ne1 h4 44. Nf3 Kg8 45. Be1 Ne8 46. gxf5 Rxf5 47. Rxg6+
Rxg6 48. Rxg6+ Kh7 49. Re6 Rf7 50. Bd2 Ng7 51. Rxb6 Nf5 52. Bxa5 d3 53. Rb7 Rg7
54. Rd7 Rg3 55. Rxd3 Kg7 56. Be1 Rg6 57. Rd7 Kf7 58. Nxh4 Nxh4 59. Bxh4 Ke6 60.
Rxe7+ Kf5 1-0

[Event "Plymouth (MI Op/7/65)"]
[Site "?"]
[Date "1984.??.??"]
[Round "?"]
[White "Griffin, John"]
[Black "Nolan, N.."]
[Result "0-1"]
[WhiteElo "1605"]
[BlackElo "1605"]
[PlyCount "92"]
[EventDate "1984.??.??"]

{7/(65)} 1. d4 d5 2. c4 e6 3. g3 Nf6 4. Bg2 Nbd7 5. Nf3 c5 6. O-O Bd6 7. b3 O-O
8. Nc3 dxc4 9. bxc4 Nb6 10. Qb3 Bd7 11. dxc5 Bxc5 12. Nd2 Qc7 13. Nde4 Nxe4 14.
Nxe4 Bd4 15. Nc3 Nxc4 16. Rb1 Na5 17. Nb5 Bxb5 18. Qxb5 Rab8 19. Bd2 Nc6 20.
Rbc1 Qd6 21. e3 Bf6 22. Rc2 Be7 23. Rb1 Rfd8 24. Qe2 Bf8 25. h4 Qd7 26. h5 Ne5
27. Bb4 Bxb4 28. Rxb4 Qd1+ 29. Qxd1 Rxd1+ 30. Kh2 Rd7 31. Rb5 Ng4+ 32. Kh3 Nf6
33. g4 h6 34. Rbc5 Rdd8 35. Kh4 b5 36. Rc7 a5 37. R7c5 a4 38. Bf1 b4 39. f3 Nd5
40. e4 Ne3 41. Rc1 b3 42. axb3 axb3 43. Bc4 b2 44. Rb1 Nc2 45. Ra5 Ne3 46. Be2
Rd2 0-1

[Event "Battle Creek (Insanity/5/5)"]
[Site "?"]
[Date "1984.??.??"]
[Round "?"]
[White "Griffin, John"]
[Black "McAuliffe, Todd"]
[Result "1-0"]
[WhiteElo "1620"]
[BlackElo "1605"]
[PlyCount "101"]
[EventDate "1984.??.??"]

{5/(5)} 1. d4 Nf6 2. c4 g6 3. Nf3 Bg7 4. Nc3 O-O 5. e4 d6 6. h3 Nbd7 7. Bf4 Nh5
8. Be3 e5 9. Qd2 exd4 10. Bxd4 Bxd4 11. Nxd4 a5 12. Nd5 Nhf6 13. Nxf6+ Nxf6 14.
f3 Nh5 15. O-O-O Ng3 16. Rg1 Nxf1 17. Rgxf1 f5 18. exf5 Bxf5 19. Rde1 Qf6 20.
Nxf5 Qxf5 21. Re7 Rf7 22. Rfe1 Qc5 23. Qe2 Qg5+ 24. Kd1 Rxe7 25. Qxe7 Qxg2 26.
Qxc7 Qxf3+ 27. Kc1 Qf4+ 28. Kb1 Qf5+ 29. Ka1 Qc5 30. Qxb7 Rf8 31. Qe4 Qe5 32.
a3 Qxe4 33. Rxe4 Rf1+ 34. Ka2 Kf7 35. Re3 h5 36. Kb3 g5 37. Kc3 g4 38. hxg4
hxg4 39. Kd3 Kf6 40. Ke2 Rh1 41. b4 axb4 42. axb4 Rh3 43. Rxh3 gxh3 44. Kf3 Ke6
45. b5 d5 46. b6 Kd6 47. cxd5 Kd7 48. Kg3 Kc8 49. d6 h2 50. Kxh2 Kd7 51. b7 1-0

[Event "East Detroit (MCO/4/27)"]
[Site "?"]
[Date "1984.??.??"]
[Round "?"]
[White "Griffin, John"]
[Black "Libby, Dan"]
[Result "0-1"]
[WhiteElo "1605"]
[BlackElo "1725"]
[PlyCount "120"]
[EventDate "1984.??.??"]

{4/(27)} 1. d4 g6 2. c4 Bg7 3. Nf3 Nf6 4. g3 c5 5. d5 Ne4 6. Qc2 Qa5+ 7. Nfd2
Nf6 8. Bg2 d6 9. O-O O-O 10. Ne4 Nxe4 11. Bxe4 Bh3 12. Rd1 Nd7 13. Bd2 Qc7 14.
Bc3 Nf6 15. Bg2 Qd7 16. Nd2 Rfb8 17. a4 a6 18. f3 Bxg2 19. Kxg2 b5 20. b3 e6
21. Ne4 Nxe4 22. Bxg7 Nxg3 23. Bh6 Nf5 24. Qd2 Nxh6 25. Qxh6 bxc4 26. bxc4 Rb2
27. Rd2 Rab8 28. Qe3 e5 29. Rxb2 Rxb2 30. Qd3 Qf5 31. Qd1 Qc2 32. Qxc2 Rxc2 33.
Rb1 Rxc4 34. Rb6 Rxa4 35. Rxd6 Rd4 36. Rxa6 Rxd5 37. Ra5 Rd2 38. Kf2 Rc2 39.
Ke3 f6 40. Kd3 Rc1 41. e4 Kg7 42. Kd2 Rh1 43. Rxc5 Rxh2+ 44. Ke3 g5 45. Rc7+
Kg6 46. Rc8 h5 47. Rg8+ Kf7 48. Ra8 h4 49. f4 gxf4+ 50. Kf3 Rh3+ 51. Kf2 Re3
52. Rh8 Rxe4 53. Rxh4 Ra4 54. Kf3 Ke6 55. Rh8 Ra7 56. Rh6 Kf5 57. Rh5+ Kg6 58.
Rh1 Kg5 59. Rh8 Ra3+ 60. Kf2 e4 0-1

[Event "East Detroit (MCO/1/16)"]
[Site "?"]
[Date "1984.??.??"]
[Round "?"]
[White "Griffin, John"]
[Black "Jarosz, Stan"]
[Result "0-1"]
[WhiteElo "1605"]
[BlackElo "2030"]
[PlyCount "184"]
[EventDate "1984.??.??"]

{1/(16)} 1. d4 d5 2. c4 e6 3. g3 Nf6 4. Nf3 Be7 5. Bg2 O-O 6. O-O Nbd7 7. cxd5
exd5 8. Nc3 c6 9. a3 Nb6 10. Bg5 Nc4 11. Qc2 h6 12. Bf4 Nd6 13. Rad1 Bf5 14.
Qb3 Qc8 15. Nh4 Be6 16. Bc1 Bh3 17. Rfe1 g5 18. Nf3 Bxg2 19. Kxg2 Nfe4 20. Nd2
f5 21. Ndxe4 fxe4 22. f3 Qf5 23. Rf1 Qe6 24. fxe4 Nxe4 25. Nxe4 Qxe4+ 26. Kg1
Qxe2 27. Qe3 Rxf1+ 28. Rxf1 Qxe3+ 29. Bxe3 Rf8 30. a4 Rxf1+ 31. Kxf1 Kf7 32. g4
Kg6 33. Ke2 h5 34. h3 hxg4 35. hxg4 Bd6 36. Kd3 Bf4 37. Bf2 Kf6 38. b3 Ke6 39.
Kc3 Kd6 40. Kd3 b6 41. b4 Ke6 42. Kc3 a6 43. Kd3 Bd6 44. Kc3 Be7 45. Be3 Kf6
46. Bf2 a5 47. bxa5 bxa5 48. Kd3 Bb4 49. Be3 Kg6 50. Bf2 Kf6 51. Be3 Be7 52.
Bf2 Ke6 53. Be3 Kd6 54. Bd2 Bd8 55. Be3 Kc7 56. Bd2 Kb6 57. Be3 Be7 58. Kc3 Bf6
59. Kd3 Bd8 60. Kc3 Kc7 61. Kd3 Kd6 62. Kc3 Ke6 63. Kd3 Kf6 64. Bd2 Bc7 65. Bc3
Bb6 66. Bd2 Bd8 67. Bc3 Ke6 68. Bd2 Kd7 69. Kc3 Kd6 70. Be3 c5 71. dxc5+ Ke5
72. Kd3 d4 73. Bxd4+ Kf4 74. Bg7 Kxg4 75. Ke3 Kf5 76. Bf8 Bc7 77. Be7 g4 78.
Bh4 Ke6 79. Ke4 Kd7 80. Bg5 Kc6 81. Be3 g3 82. Bg1 Bb8 83. Kd4 Ba7 84. Kc4 Bb8
85. Kd4 Bf4 86. Kc3 Kd5 87. Kd3 Bg5 88. Ke2 Be7 89. Kf3 Bxc5 90. Bxc5 Kxc5 91.
Kxg3 Kb4 92. Kf3 Kxa4 0-1

[Event "Plymouth (MI Op/2/32)"]
[Site "?"]
[Date "1984.??.??"]
[Round "?"]
[White "Griffin, John"]
[Black "Gipson, John"]
[Result "0-1"]
[WhiteElo "1605"]
[BlackElo "1905"]
[PlyCount "30"]
[EventDate "1984.??.??"]

{2/(32)} 1. d4 d5 2. c4 e6 3. g3 c5 4. Nf3 Nf6 5. Bg2 Nc6 6. O-O Be7 7. Nc3 O-O
8. a3 a6 9. dxc5 dxc4 10. Nd2 Na5 11. b4 cxb3 12. Nxb3 Qxd1 13. Rxd1 Nxb3 14.
Rb1 Nxc1 15. Rdxc1 Bxc5 0-1

[Event "Plymouth (MI Op/1b/31)"]
[Site "?"]
[Date "1984.??.??"]
[Round "?"]
[White "Griffin, John"]
[Black "Conley, Steve"]
[Result "1-0"]
[WhiteElo "1605"]
[BlackElo "1605"]
[PlyCount "107"]
[EventDate "1984.??.??"]

1. Nf3 Nc6 2. c4 e5 3. Nc3 Bc5 4. e3 d6 5. h3 Nf6 6. a3 Bf5 7. d4 Bb6 8. b4 a6
9. Bb2 exd4 10. exd4 Qe7+ 11. Be2 Be4 12. O-O O-O-O 13. Nxe4 Qxe4 14. Bd3 Qe7
15. Qc2 Na7 16. Rfe1 Qf8 17. c5 dxc5 18. dxc5 Bxc5 19. Bf5+ Kb8 20. Qxc5 Qxc5
21. bxc5 Rd5 22. Re5 Rhd8 23. Rc1 Nc6 24. Rxd5 Rxd5 25. Bb1 h6 26. Bxf6 gxf6
27. Be4 Rd8 28. Ne1 Nd4 29. Rb1 c6 30. Nf3 Ne2+ 31. Kh2 Nc3 32. Re1 Ka7 33. g4
Nxe4 34. Rxe4 Rd5 35. Rc4 Rd3 36. Nd4 Rxa3 37. Nf5 h5 38. gxh5 Rf3 39. Nd6
Rxf2+ 40. Kg3 Rf1 41. Rb4 Rg1+ 42. Kh4 Rg5 43. Ne4 Re5 44. h6 f5 45. Nd6 a5 46.
Rxb7+ Ka8 47. h7 Re4+ 48. Nxe4 Kxb7 49. Nc3 f6 50. h8=Q Ka6 51. Qxf6 Kb7 52.
Qe7+ Ka6 53. Qc7 f4 54. Qb6# 1-0

[Event "Battle Creek (Insanity/1/3)"]
[Site "?"]
[Date "1984.??.??"]
[Round "?"]
[White "Griffin, John"]
[Black "Brattin, Vincent"]
[Result "0-1"]
[WhiteElo "1620"]
[BlackElo "1865"]
[PlyCount "156"]
[EventDate "1984.??.??"]

{1/(3)} 1. d4 c6 2. c4 d5 3. Nf3 Nf6 4. g3 Bf5 5. Bg5 h6 6. Bd2 e6 7. Nc3 Bd6
8. Qb3 Qb6 9. Qxb6 axb6 10. Nh4 Bh7 11. e3 O-O 12. b3 Na6 13. cxd5 exd5 14. Be2
Nb4 15. O-O Nc2 16. Rac1 Ba3 17. Rcd1 b5 18. Nb1 Rfe8 19. Bc1 Bxc1 20. Rxc1
Rxa2 21. Nc3 Rb2 22. Rb1 Rxb1 23. Rxb1 Nxd4 24. Rb2 Nxe2+ 25. Rxe2 Ne4 26. Nxe4
Rxe4 27. Ng2 Rb4 28. Rb2 Bd3 29. Ne1 Bc4 30. Nc2 Rxb3 31. Rxb3 Bxb3 32. Nb4 c5
33. Nd3 b6 34. Ne5 c4 35. Kf1 f6 36. Nc6 Kf7 37. Ke2 Ke8 38. Kd2 Kd7 39. Nb4
Kd6 40. f3 f5 41. f4 g5 42. Na6 Ba2 43. Kc2 Bb3+ 44. Kd2 b4 45. Nxb4 Ba4 46.
Kc3 Bc6 47. Kd4 Bb7 48. Na2 g4 49. Nc3 Bc6 50. Na2 b5 51. Nb4 Bb7 52. Na2 Bc8
53. Nb4 Be6 54. Na2 Kc6 55. Nb4+ Kb6 56. Na2 Ka5 57. Kc3 Ka4 58. Nb4 Ka5 59.
Nc2 Bd7 60. Nb4 Be6 61. Nc2 Bc8 62. Nb4 Bb7 63. Nc2 Ka4 64. Nb4 Ka3 65. Nc2+
Ka2 66. Nd4 b4+ 67. Kxb4 Kb2 68. Ne2 Kc2 69. Nd4+ Kd3 70. Nxf5 c3 71. Nd4 Bc8
72. Kb3 Bf5 73. Nc2 Kd2 74. Nd4 Be4 75. f5 c2 76. Nxc2 Bxc2+ 77. Kb4 Bxf5 78.
Kc5 Be4 0-1

[Event "East Detroit (MCO/3/35)"]
[Site "?"]
[Date "1984.??.??"]
[Round "?"]
[White "Golonka, Stan"]
[Black "Winfield, J.."]
[Result "0-1"]
[WhiteElo "1605"]
[BlackElo "1680"]
[PlyCount "66"]
[EventDate "1984.??.??"]

{3/(35)} 1. d4 Nf6 2. Nf3 b6 3. c4 Bb7 4. Nc3 e6 5. Bf4 Be7 6. Qc2 a6 7. e4 Nc6
8. d5 Nb4 9. Qe2 a5 10. Nb5 Na6 11. d6 cxd6 12. Nxd6+ Bxd6 13. Bxd6 Nxe4 14.
Rd1 Nac5 15. Ne5 Qf6 16. Nxd7 Nxd7 17. f3 Nxd6 18. Rxd6 Rd8 19. Qd2 Qe7 20. Be2
O-O 21. O-O Nf6 22. Rd3 Rxd3 23. Bxd3 Rd8 24. Qc2 Qc5+ 25. Kh1 Qe3 26. Rd1 g6
27. Qc3 Nh5 28. Qd2 Qxd2 29. Rxd2 Nf4 30. Kg1 Rxd3 31. Rc2 Re3 32. g3 Nd3 33.
f4 Re1# 0-1

[Event "East Detroit (MCO/1/36)"]
[Site "?"]
[Date "1984.??.??"]
[Round "?"]
[White "Golonka, Stan"]
[Black "Tallosy, M.."]
[Result "1-0"]
[WhiteElo "1605"]
[BlackElo "1745"]
[PlyCount "87"]
[EventDate "1984.??.??"]

{1/(36)} 1. e4 c5 2. Nf3 d6 3. d4 cxd4 4. Nxd4 Nf6 5. Nc3 a6 6. Bd3 g6 7. O-O
Bg7 8. Nce2 O-O 9. c3 Nc6 10. h3 Qc7 11. Ng3 e6 12. Nc2 Bd7 13. f4 b5 14. Bd2
Ne7 15. Qe1 Kh8 16. Ne3 Qc5 17. Rf2 Nh5 18. Nh1 d5 19. e5 Bh6 20. g4 Nxf4 21.
Qf1 Nxd3 22. Qxd3 Nc6 23. b4 Qe7 24. Nxd5 Nxe5 25. Nxe7 Nxd3 26. Bxh6 Nxf2 27.
Bxf8 Rxf8 28. Nxf2 Re8 29. Nxg6+ hxg6 30. Rd1 Bc6 31. Rd6 Rc8 32. Nd3 Kg7 33.
g5 Kf8 34. Nc5 Ke7 35. Rd2 Bd5 36. a3 a5 37. Kf2 axb4 38. cxb4 Kd6 39. Ne4+ Ke5
40. Nc5 Kf4 41. h4 Bc4 42. Rd4+ Ke5 43. Ke3 Ra8 44. Nd7+ 1-0

[Event "Plymouth (MI Op/2/69)"]
[Site "?"]
[Date "1984.??.??"]
[Round "?"]
[White "Golonka, Stan"]
[Black "Kraft, R.."]
[Result "0-1"]
[WhiteElo "1605"]
[BlackElo "1765"]
[PlyCount "120"]
[EventDate "1984.??.??"]

{2/(69)} 1. d4 d5 2. Nf3 e6 3. e3 Nf6 4. c4 c6 5. Nc3 Nbd7 6. b3 Bb4 7. Bd2 O-O
8. a3 Bd6 9. cxd5 exd5 10. Bd3 Re8 11. Bc2 Ne4 12. Qb1 Ndf6 13. O-O Bg4 14.
Nxe4 Nxe4 15. Bxe4 dxe4 16. Ne1 Be2 17. Nc2 Bxf1 18. Qxf1 Qh4 19. g3 Qg4 20. h3
Qh5 21. Ne1 Re6 22. g4 Qh4 23. f4 exf3 24. Nxf3 Qg3+ 25. Qg2 Qxg2+ 26. Kxg2 h6
27. b4 a5 28. bxa5 Bc7 29. Rb1 Bxa5 30. Bxa5 Rxa5 31. Ne5 Rxa3 32. Rxb7 Rxe3
33. Rb8+ Kh7 34. Nxf7 Re2+ 35. Kg3 R6e3+ 36. Kh4 g5+ 37. Nxg5+ hxg5+ 38. Kxg5
Rxh3 39. Rb7+ Kg8 40. Rc7 Re6 41. Kf5 Rhh6 42. g5 Rhg6 43. Rd7 Kf8 44. Rc7 Ke8
45. Rh7 Kd8 46. Ra7 Rd6 47. Rh7 Rge6 48. Rg7 Re7 49. Rg8+ Re8 50. Rg7 Rxd4 51.
Rh7 Rd7 52. Rh1 c5 53. Kf6 Rf8+ 54. Ke6 Re8+ 55. Kf6 Rd6+ 56. Kf7 Ree6 57. Rh8+
Kc7 58. Rh5 Kb6 59. Rh8 c4 60. Rc8 Rc6 0-1

[Event "Plymouth (MI Op/6/72)"]
[Site "?"]
[Date "1984.??.??"]
[Round "?"]
[White "Golonka, Stan"]
[Black "Dmuchowski, Frank"]
[Result "1-0"]
[WhiteElo "1605"]
[BlackElo "1605"]
[PlyCount "63"]
[EventDate "1984.??.??"]

{6/(72)} 1. e4 e5 2. Nf3 Nc6 3. Bb5 a6 4. Bc4 Nf6 5. d3 b5 6. Bd5 Nxd5 7. exd5
Nb4 8. Nxe5 Nxd5 9. Qf3 Qf6 10. Qxd5 c6 11. Qe4 d5 12. Qe2 Be7 13. O-O Bb7 14.
Re1 O-O 15. Nd7 Qh4 16. Qxe7 Qxe7 17. Rxe7 Rae8 18. Rxe8 Rxe8 19. Bd2 Re2 20.
Kf1 Re7 21. Nc5 Bc8 22. a4 Re5 23. d4 Re8 24. Be3 b4 25. Nd2 a5 26. Ndb3 Bf5
27. c3 bxc3 28. bxc3 Bc2 29. Nxa5 Rc8 30. Ra2 Bg6 31. Rb2 h5 32. Nab7 1-0

[Event "East Detroit (MCO/5/36)"]
[Site "?"]
[Date "1984.??.??"]
[Round "?"]
[White "Golonka, Stan"]
[Black "Brattin, Brian"]
[Result "1/2-1/2"]
[WhiteElo "1605"]
[BlackElo "1735"]
[PlyCount "98"]
[EventDate "1984.??.??"]

{5/(36)} 1. d4 Nf6 2. c4 e6 3. Nc3 Bb4 4. Qc2 c5 5. dxc5 Bxc5 6. e3 b6 7. Ne4
Nxe4 8. Qxe4 d5 9. Qc2 Bb7 10. Nf3 Nd7 11. b3 Bb4+ 12. Bd2 Bxd2+ 13. Nxd2 Qf6
14. Rc1 Rc8 15. Qd1 O-O 16. Ne4 Qe5 17. Nd2 d4 18. Nf3 Bxf3 19. Qxf3 dxe3 20.
Qxe3 Qxe3+ 21. fxe3 b5 22. Be2 Ne5 23. O-O bxc4 24. Bxc4 Nxc4 25. bxc4 Rc5 26.
Rc3 Rfc8 27. Rfc1 f5 28. g3 Kf7 29. Kf2 Kf6 30. Kf3 Ke5 31. h3 g5 32. g4 f4 33.
exf4+ gxf4 34. Re1+ Kf6 35. Kxf4 Rxc4+ 36. Rxc4 Rxc4+ 37. Kg3 Ra4 38. Re2 a5
39. h4 h6 40. Rf2+ Ke7 41. Kf3 Rb4 42. Re2 Kf6 43. Re4 Rb5 44. Rf4+ Ke7 45. Ke3
Rc5 46. Ra4 e5 47. Ke4 Kf6 48. Kd3 Ke6 49. Re4 Kd5 1/2-1/2

[Event "Plymouth (MI Op/4/85)"]
[Site "?"]
[Date "1984.??.??"]
[Round "?"]
[White "Golonka, Stan"]
[Black "Bolda, M.."]
[Result "1/2-1/2"]
[WhiteElo "1605"]
[BlackElo "1605"]
[PlyCount "170"]
[EventDate "1984.??.??"]

{4/(85)} 1. d4 d5 2. Nf3 Nc6 3. e3 Nf6 4. c4 e6 5. Nc3 Bb4 6. a3 Be7 7. b3 O-O
8. Be2 b6 9. Bb2 Bb7 10. cxd5 Nxd5 11. Nxd5 Qxd5 12. Bc4 Qa5+ 13. b4 Bxb4+ 14.
axb4 Qxb4+ 15. Nd2 Qxb2 16. O-O Qb4 17. Bd3 Rfd8 18. Nf3 Qd6 19. Qb1 g6 20. Be4
f5 21. Bc2 Nb4 22. Bb3 Bxf3 23. gxf3 Nd5 24. Ra6 e5 25. e4 c6 26. dxe5 Qxe5 27.
exd5 cxd5 28. Re1 Qf4 29. Qd3 Rd7 30. Qe3 Qxe3 31. fxe3 Kg7 32. Rea1 Kf6 33.
Rxb6+ axb6 34. Rxa8 d4 35. exd4 Rxd4 36. Kf2 f4 37. Ke2 Rb4 38. Ra3 g5 39. h3
Ke5 40. Bc2 h6 41. Ra2 Kd4 42. Be4 Ke5 43. Bg6 Kf6 44. Bh5 Rb1 45. Bg4 b5 46.
Kd3 Kg7 47. Ra6 Rc1 48. Rb6 Rb1 49. Kd4 b4 50. Ke5 b3 51. Bf5 Re1+ 52. Kd4 Re7
53. Rxb3 Kf6 54. Bg4 Re8 55. Rb6+ Kg7 56. Bh5 Re7 57. Kd5 Kh7 58. Rf6 Kg7 59.
Rf5 Kh7 60. Kd6 Re1 61. Bg4 Kg6 62. Rf8 Kg7 63. Ra8 Re2 64. Ra1 Kf6 65. Kd5 Kg7
66. Rh1 Kg6 67. Kd6 h5 68. Be6 Kf6 69. Bd5 h4 70. Be4 Rd2+ 71. Bd5 Re2 72. Bb7
Rd2+ 73. Kc5 Kg6 74. Re1 Rh2 75. Bc8 Rc2+ 76. Kd5 Rxc8 77. Re6+ Kg7 78. Re7+
Kg6 79. Re6+ Kh5 80. Ke5 Rc2 81. Kf5 Rc3 82. Re8 Rc5+ 83. Kf6 Rc6+ 84. Kf5 Rg6
85. Rh8+ Rh6 1/2-1/2

[Event "Battle Creek (Insanity/2/6)"]
[Site "?"]
[Date "1984.??.??"]
[Round "?"]
[White "Glynn, P.."]
[Black "Griffin, John"]
[Result "1-0"]
[WhiteElo "1605"]
[BlackElo "1620"]
[PlyCount "69"]
[EventDate "1984.??.??"]

{2/(6)} 1. g3 d5 2. Bg2 e5 3. Nc3 Nf6 4. d3 c6 5. e4 d4 6. Nce2 h6 7. Nf3 Qc7
8. Nh4 c5 9. f4 Bd6 10. O-O Nc6 11. c4 Rb8 12. f5 b5 13. cxb5 Rxb5 14. Qc2 Na5
15. Qa4 Bd7 16. Qc2 c4 17. Bd2 cxd3 18. Qxd3 Rxb2 19. Rfc1 Qb6 20. Rab1 Rxb1
21. Rxb1 Qc7 22. Qa6 Qc2 23. Rb8+ Bxb8 24. Qxa5 O-O 25. Nf3 Qd1+ 26. Bf1 Nxe4
27. Bxh6 gxh6 28. Nxe5 Bxe5 29. Qxe5 Ng5 30. Qf6 Re8 31. Qxh6 Rxe2 32. Qxg5+
Kf8 33. f6 Be6 34. Qc5+ Ke8 35. Qe7# 1-0

[Event "Battle Creek (Insanity/6/6)"]
[Site "?"]
[Date "1984.??.??"]
[Round "?"]
[White "Glynn, P.."]
[Black "Brattin, Brian"]
[Result "0-1"]
[WhiteElo "1605"]
[BlackElo "1680"]
[PlyCount "84"]
[EventDate "1984.??.??"]

{6/(6)} 1. e4 e5 2. Nf3 Nc6 3. b3 Nf6 4. d4 exd4 5. Nxd4 Nxe4 6. Qd3 Nxd4 7.
Qxd4 Nf6 8. Bb2 b6 9. Qd3 Be7 10. Nd2 Bb7 11. O-O-O O-O 12. h4 Re8 13. Rh3 Bf8
14. Qf5 d6 15. Rg3 Kh8 16. Bd3 Qd7 17. Qxd7 Nxd7 18. f4 Re7 19. Nf3 Bxf3 20.
gxf3 Nc5 21. Rdg1 Nxd3+ 22. cxd3 f5 23. h5 Kg8 24. h6 g6 25. Rxg6+ hxg6 26.
Rxg6+ Kh7 27. Rg7+ Bxg7 28. hxg7 Rxg7 29. Bxg7 Kxg7 30. Kc2 Re8 31. Kd2 c5 32.
Kc3 d5 33. d4 Re3+ 34. Kd2 cxd4 35. b4 b5 36. Kc2 Rxf3 37. Kb2 Rc3 38. a3 Rc4
39. Kb3 d3 40. a4 d2 41. axb5 d1=Q+ 42. Ka3 Rc3+ 0-1